Mengenlehre : (Einführung in die axiomatische Mengenlehre) /

Guardado en:
Autor Principal: Schmidt, Jürgen, 1918-
Formato: Libro
Idioma:German
Publicado: Mannheim : Bibliographisches Institut, 1966-
Series:BI-Hochschultaschenbücher, 56/56a-
Materias:
Etiquetas: Agregar Etiqueta
Sin Etiquetas, Sea el primero en etiquetar este registro!
LEADER 00675cam a22002051a 4500
001 MAT.inmabb005669
008 841203m19669999gw#######b####000#0#ger##
005 20120831173850.0
245 1 0 |a Mengenlehre :  |b (Einführung in die axiomatische Mengenlehre) /  |c von Jürgen Schmidt. 
260 |a Mannheim :  |b Bibliographisches Institut,  |c 1966- 
300 |a v. ;  |c 19 cm. 
490 0 |a BI-Hochschultaschenbücher, 56/56a- 
504 |a Bibliografía: v. 1, p. 231-232. 
505 0 |a 1. Grundbegriffe. 
100 1 |a Schmidt, Jürgen,  |d 1918- 
650 0 |a Set theory. 
084 |a 03Exx  |2 msc2000 
010 |a  68114527  
040 |a DLC  |c RPB  |d DLC 
859 |h 03  |i Sc349  |p A-2327  |b BIB. MATEMATICA